[Event "IECC O email"]
[Site "IECC email"]
[Date "2003.06.19"]
[Round "?"]
[White "Du Rant, David"]
[Black "Beric, Tomislav"]
[Result "1-0"]
[WhiteElo "1517"]
[BlackElo "1453"]
[PlyCount "49"]
[EventDate "2003.??.??"]
[EventType "tourn (corr)"]
[EventRounds "6"]
[SourceTitle "Corr 2008"]
[Source "ChessBase"]
[SourceDate "2008.06.24"]
[SourceVersion "1"]
[SourceVersionDate "2008.06.24"]
[SourceQuality "1"]

1. e4 e5 2. Nf3 Nc6 3. Bb5 a6 4. Ba4 b5 5. Bb3 f5 6. d3 f4 7. Nc3 Bb4 8. Bd2 Nf6 9. Ng5 d5 10. Nxd5 Nxd5 11. Bxd5 Bd7 12. Nf7 Qh4 13. Nxh8 Bc5 14. 0-0 Bg4 15. Bxc6+ Kd8 16. Bxa8 Bxd1 17. Raxd1 g5 18. d4 Bxd4 19. Bc3 Ke7 20. Bxd4 exd4 21. Rxd4 g4 22. e5 Ke6 23. Rxf4 Kxe5 24. g3 Qd8 25. Nf7+ 1-0